000 00588nam a2200205Ia 4500
003 GCL
008 140319s9999 xx 000 0 ara d
040 _aGCL /
_cGCL
082 0 4 _a301.243
_bل و
100 1 _aليوتار، جان فرانسوا
245 1 0 _aالوضع مابعد الحداثى /
_cليوتار، جان فرانسوا
700 1 _aاحمد حسان
300 _a109 ص
490 _a
650 0 4 _aالمجتمع
650 0 4 _aالاجتماع
650 0 4 _aالتغير الاجتماعى
650 0 4 _aالتطور الاجتماعى
942 _2ddc
_cBK
999 _c39780
_d39780